| 000 | 00654nam a22001937a 4500 | ||
|---|---|---|---|
| 999 |
_c165480 _d165480 |
||
| 005 | 20210902103923.0 | ||
| 010 | _aENG-125671 ENG-129818 | ||
| 020 |
_a9789388398503 _c800.00 |
||
| 035 | _aEN-109203 EN-113350 | ||
| 037 | _bDBAD/PUB | ||
| 082 | _a363.700 | ||
| 100 | _aDamodaran, K. | ||
| 245 |
_aEnvironment and health / _cby K.Damodaran |
||
| 260 |
_aChennai _bShanlax Publications _c2019 |
||
| 270 |
_a61, 66 T.P.K. Main Road _bVasantha Nagar, Madurai _e625003 _k0452-4208765, 7639303383 _mpublisher@shanlaxpublications.com |
||
| 300 |
_a334p. _c22cm(pbk) |
||
| 500 | _aIncludes references | ||
| 942 |
_2ddc _cEN _h363.70 _mDAM |
||